Biblioteca

Diccionario : Colombia / Jorge Alejandro Medellín ; Diana Fajardo (Registro nro. 48917)

Detalles MARC
000 -LÍDER
Campo fijo de descripción fija 006090000a22002170004500
001 - NÚMERO DE CONTROL
Campo de control 1759
003 - IDENTIFICADOR DEL NÚMERO DE CONTROL
Campo de control CO-MdFUSB
005 - FECHA Y HORA DE LA ULTIMA TRANSACCIÓN
control field 20180301153700.0
008 - ELEMENTOS DE LONGITUD FIJA -- INFORMACIÓN GENERAL
Campo fijo de descripción fija -- Información general 180301b xxu||||| |||| 00| 0 eng d
020 ## - NÚMERO INTERNACIONAL NORMALIZADO PARA LIBROS
Número Internacional Normalizado del libro 958-04-8561-5
040 ## - FUENTE DE CATALOGACIÓN
Agencia que realiza la transcripción CO-MdBIC
082 04 - NÚMERO DE CLASIFICACIÓN DECIMAL DEWEY
Número de clasificación 001 M46dc
100 1# - ASIENTO PRINCIPAL--NOMBRE PERSONAL
Nombre personal Medellín, Jorge Alegandro
245 10 - TÍTULO
Título del Material Diccionario : Colombia / Jorge Alejandro Medellín ; Diana Fajardo
250 ## - MENCIÓN DE EDICIÓN
Mención de edición Editora Diana M. Romero F.
260 ## - PUBLICACIÓN, DISTRIBUCIÓN, ETC. (PIE DE IMPRENTA)
Lugar de publicación, distribución, etc. Bogotá : Grupo editorial Norma
300 ## - DESCRIPCIÓN FÍSICA
Extensión 1088
500 ## - NOTA GENERAL
Nota General Incluye CD-ROM adjunto
650 14 - ASIENTO SECUNDARIO DE MATERIA - TERMINO TEMÁTICO
Término temático o nombre geográfico como elemento de entrada Colombia - Descripción - Diccionarios
942 ## - TIPO DE MATERIAL (KOHA)
Tipo de Item KOHA Z- Libro General BINCO
Existencias
Estado de Material Estado de Perdido Forma de Clasificación Volumen-Parte/Tomo Estado de Dañado No para Préstamo Colección Tomo Biblioteca de Origen Biblioteca Permanente Fecha de Adquisición Total de Préstamos Signatura Topográfica Código de Barras Última vez visto Ejemplar/Existencia Fecha de Remplazo Tipo de Material
    Dewey Decimal Classification       Colección de Referencia   Biblioteca Infantil Comunitaria BINCO Biblioteca Infantil Comunitaria BINCO 29/10/2008   001 M46dc B32239 24/11/2016 1 26/01/2016 Z- Libros de Referencia BINCO

Biblioteca FUSBC | Teléfono: (57+4) 349 88 10 Ext. 141| WhatsApp (+57) 3005338115 
E-mail: biblioteca@unisbc.edu.co | Calle 76 87-14 Robledo Palenque, Medellín, Colombia

Con tecnología Koha